Regional economic integration in South Asia trapped in conflict? /

Bibliographic Details
Main Author: Batra, Amita.
Corporate Author: ProQuest (Firm)
Format: Electronic eBook
Language:English
Published: Abingdon, Oxon ; New York : Routledge, 2013.
Series:Routledge contemporary South Asia series ; 64
Subjects:
Online Access:Click to View
LEADER 01901nam a2200409 a 4500
001 EBC1101404
003 MiAaPQ
005 20200520144314.0
006 m o d |
007 cr cn|||||||||
008 120621s2013 enkd sb 001 0 eng d
010 |z  2012023868 
020 |z 9780415602099 (hbk.) 
020 |a 9780203077153 (electronic bk.) 
035 |a (MiAaPQ)EBC1101404 
035 |a (Au-PeEL)EBL1101404 
035 |a (CaPaEBR)ebr10640532 
035 |a (CaONFJC)MIL420672 
035 |a (OCoLC)823389762 
040 |a MiAaPQ  |c MiAaPQ  |d MiAaPQ 
043 |a az----- 
050 4 |a HF1586.5  |b .B38 2013 
082 0 4 |a 337.1/54  |2 23 
100 1 |a Batra, Amita. 
245 1 0 |a Regional economic integration in South Asia  |h [electronic resource] :  |b trapped in conflict? /  |c Amita Batra. 
260 |a Abingdon, Oxon ;  |a New York :  |b Routledge,  |c 2013. 
300 |a xii, 177 p. :  |b ill. 
440 0 |a Routledge contemporary South Asia series ;  |v 64 
504 |a Includes bibliographical references and index. 
505 0 |a Introduction -- South Asia - the region -- Trade and FDI patterns of South Asian countries -- Preferential trading agreements in South Asia -- Conflict in South Asia -- Theoretical foundations of the economic integration and conflict relationship in South Asia -- Impact of conflict on intra-regional trade in South Asia: a gravity model analysis -- Summary findings and an assessment of the way forward. 
533 |a Electronic reproduction. Ann Arbor, MI : ProQuest, 2015. Available via World Wide Web. Access may be limited to ProQuest affiliated libraries. 
651 0 |a South Asia  |x Economic integration. 
651 0 |a South Asia  |x Foreign economic relations. 
651 0 |a South Asia  |x Commerce. 
655 4 |a Electronic books. 
710 2 |a ProQuest (Firm) 
856 4 0 |u https://ebookcentral.proquest.com/lib/matrademy/detail.action?docID=1101404  |z Click to View